| 000 -LEADER |
| fixed length control field |
00430pab a2200169 454500 |
| 008 - FIXED-LENGTH DATA ELEMENTS--GENERAL INFORMATION |
| fixed length control field |
180718b2000 xxu||||| |||| 00| 0 eng d |
| 100 ## - MAIN ENTRY--PERSONAL NAME |
| Personal name |
Sushil |
| 245 ## - TITLE STATEMENT |
| Title |
Customer-driven quality management: a new perspective |
| 260 ## - PUBLICATION, DISTRIBUTION, ETC. |
| Date of publication, distribution, etc. |
2000 |
| 300 ## - PHYSICAL DESCRIPTION |
| Extent |
p.419-26 |
| 362 ## - DATES OF PUBLICATION AND/OR SEQUENTIAL DESIGNATION |
| Dates of publication and/or sequential designation |
Jul-Dec |
| 650 ## - SUBJECT ADDED ENTRY--TOPICAL TERM |
| Topical term or geographic name entry element |
Total Quality Management |
| 650 ## - SUBJECT ADDED ENTRY--TOPICAL TERM |
| Topical term or geographic name entry element |
Management |
| 700 ## - ADDED ENTRY--PERSONAL NAME |
| Personal name |
Gupta, Shashnak |
| 773 ## - HOST ITEM ENTRY |
| Main entry heading |
Management and Change |
| 909 ## - |
| -- |
48488 |